[Event "23rd ETCC Open 2021"]
[Site "Catez"]
[Date "2021.11.12"]
[Round "1.1"]
[White "Mastrovasilis, Dimitrios"]
[Black "Grischuk, Alexander"]
[Result "1/2-1/2"]
[WhiteElo "2619"]
[BlackElo "2773"]
[Annotator "TA"]
[PlyCount "61"]
[EventDate "2021.11.08"]
[EventType "team-tourn"]
[EventCountry "SLO"]
[SourceTitle "playchess.com"]
[Source "ChessBase"]
[SourceQuality "1"]
[WhiteTeam "Greece"]
[BlackTeam "Russia"]
[WhiteTeamCountry "GRE"]
[BlackTeamCountry "RUS"]

{[%evp 16,61,5,-4,4,4,5,3,3,4,3,10,8,5,6,4,6,6,6,6,8,8,12,5,6,0,21,14,14,15,16,
6,5,0,5,0,0,0,0,0,0,0,0,0,0,0,5,0]} 1. e4 e5 2. Nf3 Nc6 3. Nc3 Nf6 4. d4 exd4
5. Nxd4 Bb4 6. Nxc6 bxc6 7. Bd3 d5 8. Bd2 O-O 9. O-O {The position is equal.}
Bxc3 {C47: Scotch Four Knights and Four Knights with 4 g3.} 10. Bxc3 dxe4 11.
Bxf6 Qxf6 12. Bxe4 Qxb2 13. Bxc6 Rb8 14. Rb1 Qxb1 15. Qxb1 Rxb1 16. Rxb1 $11 {
[%mdl 4096] Endgame KRB-KRB} Rd8 17. Bf3 Kf8 18. Rb8 Re8 {[%cal Re8e1] [#]} 19.
h4 Ba6 20. Rb3 {[#]} Re1+ $146 ({Predecessor:} 20... Be2 21. Bxe2 Rxe2 22. Rc3
Re7 23. f3 Ke8 24. Kf2 Kd7 25. Ra3 Re5 26. Rxa7 Rc5 {1/2-1/2 (52) So,W (2765)
-Carlsen,M (2872) Wijk aan Zee 2020}) 21. Kh2 Re5 22. Rc3 Be2 23. Bxe2 Rxe2 {
KR-KR} 24. Kg3 Re4 25. Rxc7 Ra4 26. c4 Rxa2 27. c5 a5 28. Ra7 a4 29. c6 Rc2 30.
c7 {[#] Strongly threatening Ra8+.} Ke8 31. Rxa4 {An uneventful encounter. 
Weighted Error Value: White=0.02/Black=0.02} 1/2-1/2

[Event "23rd ETCC Open 2021"]
[Site "Catez"]
[Date "2021.11.12"]
[Round "1.2"]
[White "Alekseenko, Kirill"]
[Black "Banikas, Hristos"]
[Result "1-0"]
[WhiteElo "2710"]
[BlackElo "2592"]
[Annotator "TA"]
[PlyCount "87"]
[EventDate "2021.11.08"]
[EventType "team-tourn"]
[EventCountry "SLO"]
[SourceTitle "playchess.com"]
[Source "ChessBase"]
[SourceQuality "1"]
[WhiteTeam "Russia"]
[BlackTeam "Greece"]
[WhiteTeamCountry "RUS"]
[BlackTeamCountry "GRE"]

{[%evp 24,87,29,24,25,22,0,0,0,0,29,31,49,0,0,12,26,14,14,14,25,0,0,0,17,0,0,0,
82,85,94,129,125,118,117,106,145,95,204,202,218,224,222,207,268,252,252,268,
277,251,278,289,291,287,283,277,267,264,352,365,558,528,779,725,721,721]} 1. e4
c5 2. Nf3 d6 3. d4 cxd4 4. Nxd4 Nf6 5. Nc3 a6 6. f3 e5 7. Nb3 Be6 8. Be3 Be7 9.
Qd2 Nbd7 10. g4 O-O 11. O-O-O b5 12. g5 Nh5 {is more profitable than 12...b4
at the moment.} 13. Nd5 Bxd5 {B90: Sicilian Najdorf: Unusual White 6th moves,
6 Be3 Ng4 and 6 Be3 e5.} 14. exd5 f6 {[%cal Rf6g5]} 15. gxf6 Rxf6 {The
position is equal.} 16. Na5 Qe8 17. Nc6 Nf4 18. Kb1 Bd8 19. c4 {[#]} Bb6 $146 (
{Predecessor:} 19... bxc4 20. Bxc4 Bb6 21. Bxb6 Nxb6 22. Bb3 Nd7 23. Ka1 Nc5
24. Bc2 Rf7 25. b4 Nd7 {1-0 (37) Nitin,S (2303)-Kottahachchy,K (1967) Teheran
2008}) 20. cxb5 axb5 21. Bxb5 Kh8 22. a4 Bxe3 23. Qxe3 Nc5 {White must now
prevent ...Qg6+.} 24. Qa3 Qg6+ 25. Ka2 Qf7 {[#]} (25... Ne2 $11 {remains equal.
} 26. Rhe1 (26. Bxe2 $2 Rxa4 27. Rd2 Rxa3+ 28. bxa3 Qg2 $19) 26... Rf4) 26.
Nxe5 $1 $16 {Black is now going downhill.} Qg8 (26... Qa7 27. Nc4) 27. Nd7 Nxd5
{( -> ...Nc3+!)} 28. Kb1 (28. Nxf6 $2 Nc3+ 29. Ka1 Nb3+ 30. Qxb3 Qxb3 $19)
28... Nxd7 29. Bxd7 Nb6 30. Bb5 ({Avoid the trap} 30. Rxd6 $2 Nc4 $19) 30...
Qf7 (30... Rf5 $16 {keeps fighting.} 31. Qb4 (31. Qxd6 $2 Rxb5 32. axb5 Qa2+
33. Kc2 Rc8+ 34. Qc6 Rxc6+ 35. bxc6 h6 $19) 31... d5) 31. Rhe1 $1 $18 (31. Rxd6
Qg6+ 32. Bd3 Nc4 $1 $11) 31... h6 32. Rd4 d5 33. Qe7 Rxf3 34. Qxf7 Rxf7 35. Re6
Rb8 36. b3 Na8 {[#]} 37. Re8+ $1 ({Weaker is} 37. Rxd5 Nc7 $15) 37... Rxe8 38.
Bxe8 {[%mdl 4096] Endgame KRB-KRN} Rf1+ 39. Kc2 Nc7 40. Bg6 Rf6 41. Bd3 g5 (
41... Kg8 {was necessary.} 42. b4 Kf8) 42. b4 {[%cal Bb3b4,Bb4b5][%mdl 32]
White is clearly winning.} Rc6+ 43. Kd2 Rd6 44. b5 {Weighted Error Value:
White=0.04/Black=0.27} 1-0

[Event "23rd ETCC Open 2021"]
[Site "Catez"]
[Date "2021.11.12"]
[Round "1.3"]
[White "Kourkoulos-Arditis, Stamatis"]
[Black "Artemiev, Vladislav"]
[Result "1/2-1/2"]
[WhiteElo "2524"]
[BlackElo "2699"]
[Annotator "TA"]
[PlyCount "95"]
[EventDate "2021.11.08"]
[EventType "team-tourn"]
[EventCountry "SLO"]
[SourceTitle "playchess.com"]
[Source "ChessBase"]
[SourceQuality "1"]
[WhiteTeam "Greece"]
[BlackTeam "Russia"]
[WhiteTeamCountry "GRE"]
[BlackTeamCountry "RUS"]

{[%evp 11,95,20,35,21,16,24,25,22,54,25,25,12,27,18,18,18,19,12,17,0,17,4,7,4,
9,0,0,0,0,4,26,23,57,2,8,10,11,15,14,0,0,0,0,-8,-9,0,0,0,0,0,4,0,2,0,0,0,0,0,0,
0,0,-11,0,0,0,0,0,0,0,0,14,18,16,14,74,2,20,22,59,0,0,0,0,0,0,0]} 1. d4 d5 2.
c4 c6 3. Nf3 Nf6 4. e3 Bf5 5. Nc3 e6 6. Nh4 Bg6 7. Be2 {D12: Slav Defence: 3
Nf3 Nf6 4 e3 Bf5.} Nbd7 8. O-O Bd6 9. g3 {White has an edge.} Qe7 10. Qb3 Rb8
11. Bd2 O-O 12. Nxg6 hxg6 13. Qc2 {is the legacy move (13.Rfd1).} dxc4 14. Bxc4
{[#]} c5 $146 ({Predecessor:} 14... a6 15. Ne4 {1/2-1/2 (15) Lenic,L (2602)
-Matlakov,M (2603) Martuni 2010}) 15. Rfe1 Nb6 {[%cal Bd7b6,Bb6c8,Bc8e7,Be7d5]
[%mdl 32]} 16. Bf1 cxd4 17. exd4 Qd7 18. Nb5 Nc8 19. Qb3 a6 20. Nc3 {[%cal
Bb5c3,Bc3e4,Be4c5][%mdl 32]} Ne7 21. Bh3 Bc7 {[#]} 22. Rad1 (22. Rxe6 $1 $14
Nc6 23. Ne2 $1) 22... Ned5 ({But not} 22... Qxd4 $2 23. Be3 $18) 23. Bg5 Rfe8
24. Bxf6 gxf6 25. Ne4 Qb5 26. Qxb5 axb5 27. Nc5 Ba5 28. Re2 Red8 29. Bg2 Bb6
30. Red2 b4 31. Rd3 f5 32. Bf3 Ba5 33. Rb3 Rd6 34. Nd3 Rbd8 35. Ne5 Rc8 36. Nd3
Rcd8 37. Nc5 Rb8 38. Kg2 g5 39. h3 Kg7 40. Rc1 Kh7 41. Nd3 Rbd8 42. Rc5 b6 {[#]
} (42... Bb6 $11) 43. Rc1 (43. Rc2 $1 $16) 43... Kg7 $11 44. Ne5 f6 45. Nd3 ({
White should try} 45. Nc6 $1 $14 R8d7 46. Bxd5 Rxd5 47. Re3) 45... Ne7 {
The position is equal.} 46. Nxb4 Rxd4 47. Nc6 Nxc6 48. Rxc6 {Weighted Error
Value: White=0.09/Black=0.07} 1/2-1/2

[Event "23rd ETCC Open 2021"]
[Site "Catez"]
[Date "2021.11.12"]
[Round "1.4"]
[White "Esipenko, Andrey"]
[Black "Kelires, Andreas"]
[Result "1-0"]
[WhiteElo "2713"]
[BlackElo "2535"]
[Annotator "TA"]
[PlyCount "59"]
[EventDate "2021.11.08"]
[EventType "team-tourn"]
[EventCountry "SLO"]
[SourceTitle "playchess.com"]
[Source "ChessBase"]
[SourceQuality "1"]
[WhiteTeam "Russia"]
[BlackTeam "Greece"]
[WhiteTeamCountry "RUS"]
[BlackTeamCountry "GRE"]

{[%evp 11,59,20,27,33,40,37,37,43,26,26,82,79,82,26,78,85,83,47,47,68,56,45,41,
35,59,24,69,70,86,49,92,13,58,30,77,92,644,641,658,650,906,900,1011,974,5002,
3500,2867,2774,2008,1767]} 1. e4 c5 2. Nf3 d6 3. d4 cxd4 4. Nxd4 Nf6 5. Nc3 a6
6. Bg5 Nbd7 7. Qe2 $1 {[%mdl 4] 7.Qe2 is the recent fashion. B94: Sicilian
Najdorf: 6 Bg5 Nbd7.} Qc7 8. O-O-O e6 9. g4 {White is slightly better.} h6 10.
Bd2 {[#]} e5 $146 (10... g6 $11 {keeps the balance.}) ({Predecessor:} 10... b5
11. a3 Bb7 12. f4 Qb6 13. Be1 g5 14. Nd5 Nxd5 15. exd5 Bxd5 16. Nxe6 Bxh1 {
1/2-1/2 (36) Batrakov,A (2530)-Zuev,D (2504) ICCF email 2017}) 11. Nf5 $16 b5 {
[%cal Bb7b5,Bb5b4][%mdl 32]} 12. Bg2 (12. a3 $16) 12... g6 (12... b4 $1 $11 13.
Nd5 Nxd5 14. exd5 a5) 13. Ne3 Bb7 14. h4 b4 $1 {[%cal Rb4c3]} 15. Ncd5 Nxd5 16.
exd5 a5 $1 17. h5 Ba6 18. Qe1 Nc5 {[#] Strongly threatening ...Nd3+.} 19. Kb1
Bg7 20. Bf1 Bxf1 21. Nxf1 ({Better is} 21. Qxf1 $16 Rc8 22. Qg2) 21... Rc8 22.
Ng3 O-O 23. hxg6 Nd3 $4 {[%mdl 8192] Loses the game.} 24. cxd3 $18 {White is
clearly winning.} Qc2+ 25. Ka1 e4 {[%csl Gc2][%cal Rg7b2]} 26. Rb1 Qa4 27. Qxe4
Rfe8 28. gxf7+ Kxf7 29. Qf4+ {[%mdl 64] [#] Double Attack} Kg8 30. Nf5 {
Weighted Error Value: White=0.18/Black=0.48} 1-0

[Event "23rd ETCC Open 2021"]
[Site "Catez"]
[Date "2021.11.12"]
[Round "1.5"]
[White "Mamedyarov, Shakhriyar"]
[Black "Vocaturo, Daniele"]
[Result "1-0"]
[WhiteElo "2765"]
[BlackElo "2632"]
[Annotator "TA"]
[PlyCount "129"]
[EventDate "2021.11.08"]
[EventType "team-tourn"]
[EventCountry "SLO"]
[SourceTitle "playchess.com"]
[Source "ChessBase"]
[SourceQuality "1"]
[WhiteTeam "Azerbaijan"]
[BlackTeam "Italy"]
[WhiteTeamCountry "AZE"]
[BlackTeamCountry "ITA"]

{[%evp 18,129,0,0,0,0,8,0,2,0,0,0,24,0,0,0,0,-24,21,19,35,16,65,0,0,0,0,0,0,0,
4,8,22,29,15,0,21,0,6,0,0,0,31,31,35,38,32,31,45,41,54,60,58,30,62,62,81,81,79,
80,78,78,122,94,92,76,78,69,75,39,144,127,132,135,143,145,150,150,161,157,143,
163,150,155,152,17,17,17,31,17,116,100,92,86,370,370,643,603,1159,887,2341,739,
29978,29979,29971,2558,2237,2009,1804,1733,29982,29983,29983,29984]} 1. d4 Nf6
2. c4 e6 3. Nc3 Bb4 4. e3 O-O 5. Bd3 d5 6. a3 Bxc3+ 7. bxc3 dxc4 8. Bxc4 c5 9.
Nf3 Qc7 10. Be2 b6 {E53: Nimzo-Indian: Rubinstein: Main Line (4...0-0 5 Nf3 d5
6 Bd3 c5 7 0-0).} 11. Bb2 Bb7 12. O-O Nc6 {The position is equal.} 13. c4 {[#]}
Rad8 $146 ({Predecessor:} 13... cxd4 14. exd4 Ne7 15. Ne5 Ng6 16. Nxg6 hxg6 17.
Qb3 Rac8 18. Rac1 Qf4 19. Rfe1 Rc7 20. Bf1 Rfc8 21. f3 Rd7 {1/2-1/2 (21)
Furman,S-Olafsson,F Bad Lauterberg 1977}) 14. Re1 Ne7 15. Qb3 Ng4 16. g3 Nf6
17. Rad1 Nc6 18. dxc5 bxc5 19. Qc2 Ne7 20. Rxd8 (20. Be5 $14 Qc8 21. Qb2) 20...
Rxd8 $11 21. Rd1 Rxd1+ 22. Qxd1 Nd7 23. Qd3 f6 24. Nd2 Qc6 {[%csl Gb7][%cal
Rc6h1] [#]} 25. f3 Qc7 26. Kf2 Bc6 (26... Nf5 {seems wilder.} 27. e4 Nd6 28.
Nb3 Nb6 29. Qc2 e5) 27. Bc3 Nf5 28. f4 Nd6 29. e4 Nb7 30. Bg4 Kf7 31. e5 f5 32.
Be2 Qd8 33. Nb3 g6 34. Bd2 $36 {[%mdl 2048] White has some pressure.} Be4 35.
Qc3 Qc7 36. Be3 Bc6 37. g4 Qd8 {[#] And now ...Qh4+ would win.} 38. Kg3 fxg4
39. Bxg4 Qb6 40. h4 Be4 41. Nd2 Bf5 42. Bf3 Na5 43. h5 Nb8 (43... Nc6 $14) 44.
Ne4 $16 Bxe4 45. Bxe4 Nbc6 46. hxg6+ hxg6 47. Kg4 Ne7 48. Qd3 {Strongly
threatening Qd7.} Qc7 49. Qd6 Qc8 50. Qxc5 Nxc4 51. Qxa7 (51. Bd4 $16) 51...
Nxe3+ $11 52. Qxe3 {next Qh3 is good for White.} Qd8 53. Qh3 Qd1+ (53... Qd4
$11 {remains equal.} 54. Qh7+ Kf8) 54. Kg5 $16 Qg1+ 55. Bg2 Qf2 $2 {[%mdl 8192]
Loses the game.} (55... Qd1 $16 {keeps fighting.}) 56. Bf3 $18 Qg1+ $2 (56...
Qe3 57. Qh7+ Kf8) 57. Bg4 Ke8 58. a4 Kd7 59. a5 (59. Qd3+ $142 Ke8 60. Qa6)
59... Kc7 60. Qh7 Kd8 61. a6 (61. Qf7 $142 Qc5 62. Bxe6 Qb4 63. a6 Kc7 64. a7
Kb7 65. Kf6 Kxa7 66. Qxe7+ {[%mdl 64] Double Attack} Qb7 67. Bd5) 61... Qb6 62.
Qh8+ Kc7 63. Qe8 Nf5 64. a7 Qxa7 65. Qf7+ {Weighted Error Value: White=0.12/
Black=0.51} 1-0

[Event "23rd ETCC Open 2021"]
[Site "Catez"]
[Date "2021.11.12"]
[Round "1.6"]
[White "Moroni, Luca Jr"]
[Black "Mamedov, Rauf"]
[Result "0-1"]
[WhiteElo "2580"]
[BlackElo "2673"]
[Annotator "TA"]
[PlyCount "93"]
[EventDate "2021.11.08"]
[EventType "team-tourn"]
[EventCountry "SLO"]
[SourceTitle "playchess.com"]
[Source "ChessBase"]
[SourceQuality "1"]
[WhiteTeam "Italy"]
[BlackTeam "Azerbaijan"]
[WhiteTeamCountry "ITA"]
[BlackTeamCountry "AZE"]

{[%evp 12,93,33,15,37,42,39,37,41,36,40,26,24,31,27,20,16,13,15,16,18,0,0,0,5,
0,0,8,0,0,-10,-41,-19,-16,-19,-5,-17,-41,-30,-31,-30,-30,-30,-39,-39,-33,-30,
-35,-4,-80,-80,-78,-77,-77,-77,-79,-79,-80,-77,-321,-306,-338,-326,-313,-318,
-333,-293,-339,-350,-502,-489,-29961,-29961,-29951,-11294,-29969,-29970,-29969,
-29970,-29967,-29968,-29967,-29969,-6099]} 1. e4 c5 2. Nf3 d6 3. d4 cxd4 4.
Nxd4 Nf6 5. Nc3 Nc6 6. Bg5 e6 7. Qd3 Qb6 {B62: Sicilian: Richter-Rauzer: 6...
e6: Unusual White 7th moves.} 8. O-O-O Qxd4 9. Qxd4 Nxd4 {White is slightly
better.} 10. Rxd4 a6 11. Be2 Bd7 12. Rhd1 Bc6 {[#]} 13. Bh4 $146 ({Predecessor:
} 13. f3 Be7 14. Bh4 O-O-O 15. Bg3 d5 16. exd5 Nxd5 17. Nxd5 Bxd5 18. c4 Bc6
19. Be5 {1/2-1/2 (47) Shirov,A (2656)-Stremavicius,T (2434) Viljandi 2017})
13... Be7 14. Bg3 e5 15. Rc4 h5 {[#] And now ...h4 would win.} 16. h3 h4 17.
Bh2 Rc8 18. Nd5 Nxd5 19. exd5 {Hoping for Bg4.} Bd7 20. Rxc8+ Bxc8 21. c4 Bf5
22. b4 Kd7 23. Kb2 Rc8 24. f4 exf4 25. Bxf4 Be4 26. Kb3 f5 27. Bd3 Bxd3 28.
Rxd3 $15 {[%mdl 4096] Endgame KRB-KRB} g5 29. Be3 b5 30. c5 (30. cxb5 $11 {
remains equal.} axb5 31. Rc3) 30... dxc5 $17 31. bxc5 Bxc5 32. Bxg5 Rg8 33.
Bxh4 Rxg2 34. Bg3 Re2 35. h4 $2 {Loses the game.} (35. a4 $17) 35... a5 $19 36.
a4 Re4 37. Rc3 bxa4+ 38. Kc2 Bb6 {Strongly threatening ...f4.} 39. Rc6 {[#]}
Bd8 40. Rd6+ (40. Bd6 $142 Rxh4 41. Ba3) 40... Ke7 41. Re6+ (41. Rg6 $19 f4 42.
Rg4 Re2+ 43. Kd1) 41... Rxe6 42. dxe6 Kxe6 {KB-KB} 43. Kb2 Kf6 {Black mates.}
44. Ka3 Kg6 45. Kxa4 Kh5 46. Be1 f4 47. Kb5 {Weighted Error Value: White=0.62/
Black=0.03} 0-1

[Event "23rd ETCC Open 2021"]
[Site "Catez"]
[Date "2021.11.12"]
[Round "1.7"]
[White "Guseinov, Gadir"]
[Black "Valsecchi, Alessio"]
[Result "1-0"]
[WhiteElo "2665"]
[BlackElo "2527"]
[Annotator "TA"]
[PlyCount "65"]
[EventDate "2021.11.08"]
[EventType "team-tourn"]
[EventCountry "SLO"]
[SourceTitle "playchess.com"]
[Source "ChessBase"]
[SourceQuality "1"]
[WhiteTeam "Azerbaijan"]
[BlackTeam "Italy"]
[WhiteTeamCountry "AZE"]
[BlackTeamCountry "ITA"]

{[%evp 9,65,0,-6,-16,31,29,29,36,39,29,33,29,29,15,46,45,37,22,37,20,28,14,52,
49,70,68,72,66,109,99,160,143,148,137,137,132,164,141,342,346,332,339,381,385,
385,383,378,362,367,345,360,359,356,352,378,377,447,405]} 1. e4 c6 2. Nf3 d5 3.
d3 dxe4 4. dxe4 Qxd1+ 5. Kxd1 Nf6 6. Nbd2 {B10: Caro-Kann: 2 d3 and 2 c4.} Nfd7
7. Nb3 e5 8. Be3 {White has an edge.} a5 9. a4 {[#]} Na6 $146 ({Predecessor:} 
9... b6 10. Nfd2 Ba6 11. Nc4 Bxc4 12. Bxc4 Na6 13. c3 Nac5 14. f3 Nxb3 15. Bxb3
Bc5 {1-0 (41) Caruana,F (2835)-Le,Q (2709) chess24.com INT 2020}) 10. Bc4 f6
11. Ke2 Nb4 12. Rhc1 b6 13. Nfd2 Bd6 14. c3 Na6 15. Be6 Bc7 16. Nc4 Ke7 17. Bh3
$36 {[%mdl 2048] White is more active.} Nab8 18. Nbd2 Rd8 19. b4 axb4 (19...
Bb7 $142) 20. cxb4 $16 b5 21. axb5 {[%mdl 64] Discovered Attack} Rxa1 22. Rxa1
{aiming for Ra7.} cxb5 {[#]} 23. Ra7 $1 Na6 {[#] A mistake that costs the game.
} (23... Bd6 $16) 24. Nb6 $1 $18 {[%cal Rb6c8]} Nxb6 25. Bxb6 Kd6 26. Bxc8 Bxb6
27. Rxa6 Kc7 28. Be6 Rd4 29. Ra3 Kd6 30. Bg8 Rxb4 31. Bxh7 Rb2 32. Rb3 Ra2 33.
Rxb5 {Weighted Error Value: White=0.04/Black=0.23} 1-0

[Event "23rd ETCC Open 2021"]
[Site "Catez"]
[Date "2021.11.12"]
[Round "1.8"]
[White "Sonis, Francesco"]
[Black "Abasov, Nijat"]
[Result "0-1"]
[WhiteElo "2536"]
[BlackElo "2634"]
[Annotator "TA"]
[PlyCount "70"]
[EventDate "2021.11.08"]
[EventType "team-tourn"]
[EventCountry "SLO"]
[SourceTitle "playchess.com"]
[Source "ChessBase"]
[SourceQuality "1"]
[WhiteTeam "Italy"]
[BlackTeam "Azerbaijan"]
[WhiteTeamCountry "ITA"]
[BlackTeamCountry "AZE"]

{[%evp 16,69,0,0,0,0,0,0,0,0,0,0,0,0,0,0,0,0,0,0,0,0,0,0,0,-7,0,-45,-36,-22,
-11,-71,-74,-74,-80,-82,-99,-103,-92,-122,-121,-121,-110,-127,-122,-132,-120,
-147,-101,-298,-292,-29997,-29998,-29998,-29999,-29999]} 1. d4 d5 2. c4 e6 3.
Nc3 c6 4. e4 dxe4 5. Nxe4 Bb4+ 6. Bd2 Qxd4 7. Bxb4 Qxe4+ 8. Be2 Na6 9. Ba5 {
[%csl Ga5][%cal Rd1d8]} b6 {D31: Queen's Gambit Declined: Semi-Slav without ...
Nf6 (+ Marshall Gambit and Noteboom) and Exchange Variation lines without ...
Nf6.} 10. Qd6 $1 {0-0-0 is the strong threat.} Bd7 ({Don't blunder} 10... Ne7
$2 11. O-O-O $1 $18) 11. Bc3 f6 {The position is equal.} 12. O-O-O O-O-O 13.
Qa3 $1 Kb7 14. Bf3 Qf4+ ({Wrong is} 14... Qxc4 $2 15. Be2 $18) 15. Rd2 {
Strongly threatening Ne2.} Qc7 $1 ({Not} 15... Qxc4 $2 16. Be2 $18) 16. Ne2 {
aiming for Nd4.} e5 17. Rhd1 Nh6 18. b4 Nb8 19. b5 {[#]} Bg4 $5 $146 {[%mdl 8]
White should prevent ...Bxf3. An interesting novelty.} ({Predecessor:} 19...
Kc8 20. Bb4 c5 21. Bc3 Be6 22. Ng3 Rxd2 23. Bxd2 Nf7 24. Bd5 Bxd5 25. cxd5 Nd6
{1/2-1/2 (45) Nguyen,P (2438)-Dziuba,M (2550) Lublin 2017}) 20. bxc6+ Nxc6 21.
Bd5 Bxe2 22. Rxe2 Nf5 23. Red2 (23. Rc2 $1 $11) 23... Nfe7 $17 24. Bf3 Rxd2 25.
Rxd2 {[#]} Rd8 $1 26. Rxd8 Qxd8 27. Bb4 {Threatens to win with Bxe7.} Kc7 28.
c5 Nd5 29. cxb6+ axb6 30. Bd2 f5 31. Bd1 Qh4 32. Bb3 $2 {Loses the game.} (32.
Qd3 $17 {might work better.} Nde7 33. Be3) 32... Qd4 $19 {( -> ...Qa1+)} 33.
Qf8 $2 (33. Kc2 $19) 33... Qa1+ {Black mates.} 34. Kc2 Nd4+ 35. Kd3 Qf1# {
Weighted Error Value: White=0.48/Black=0.02} 0-1

[Event "23rd ETCC Open 2021"]
[Site "Catez"]
[Date "2021.11.12"]
[Round "1.9"]
[White "Ragger, Markus"]
[Black "Firouzja, Alireza"]
[Result "0-1"]
[WhiteElo "2668"]
[BlackElo "2770"]
[Annotator "TA"]
[PlyCount "115"]
[EventDate "2021.11.08"]
[EventType "team-tourn"]
[EventCountry "SLO"]
[SourceTitle "playchess.com"]
[Source "ChessBase"]
[SourceQuality "1"]
[WhiteTeam "Austria"]
[BlackTeam "France"]
[WhiteTeamCountry "AUT"]
[BlackTeamCountry "FRA"]

{[%evp 10,115,33,16,16,17,30,13,26,18,18,10,7,-1,71,16,14,0,9,11,27,2,45,43,36,
25,24,25,92,0,0,0,0,0,0,0,0,0,0,-51,-22,-59,-65,-60,-64,-109,-114,-112,-118,
-168,-135,-257,-265,-250,-243,-273,-217,-423,-404,-383,-241,-329,-275,-336,
-231,-221,-207,-203,-193,-203,-178,-183,-179,-198,-150,-191,0,-209,-202,-183,
-196,-191,-191,-281,-280,-342,-339,-342,-327,-427,-421,-382,-394,-364,-375,
-386,-385,-453,-450,-681,-681,-645,-717,-2658,-2385,-2114,-1848,-1369]} 1. e4
c6 2. Nf3 d5 3. Nc3 Bg4 4. h3 Bxf3 5. Qxf3 e6 6. Be2 d4 {B11: Caro-Kann: Two
Knights Variation.} 7. Nb1 Ne7 $5 {[%mdl 4] [#] Leaves trodden paths.} 8. h4
$146 ({Predecessor:} 8. d3 Ng6 9. O-O Bd6 10. Nd2 Nd7 11. g3 O-O 12. Qg2 a5 13.
f4 a4 14. a3 {0-1 (60) Schlotthauber,W (2075)-Amann,H (2195) GER email 2007})
8... h5 {The position is equal.} 9. d3 Ng6 10. Qh3 a5 11. f4 e5 {[#]} (11...
Nd7 $11) 12. fxe5 (12. f5 $1 $16 {[%cal Rf5g6]} Nf4 13. Qh2) 12... Nxe5 $11 13.
O-O Nbd7 14. Nd2 Bd6 15. a4 Nf6 16. Nf3 Neg4 17. Bg5 Qd7 18. Nd2 Nh7 (18...
Bh2+ $11 {remains equal.} 19. Kh1 Be5) 19. Nc4 (19. Bf4 $16) 19... Nxg5 20.
hxg5 Bh2+ 21. Kh1 Bc7 22. Bxg4 Qxg4 23. Rf3 O-O 24. e5 ({White should try} 24.
Kg1 $11) 24... Rae8 25. Qxg4 hxg4 26. Rg3 b5 27. Nd2 Rxe5 ({Of course not} 
27... Bxe5 $6 28. Rxg4 Bc7 29. Ne4 $11) 28. Rxg4 Re2 29. Nf3 c5 {And now ...
bxa4 would win.} 30. Rc1 (30. axb5 $17 Rxc2 31. g6) 30... bxa4 $19 31. Kg1 Rb8
32. Kf1 Re6 33. Nd2 $2 (33. b3) 33... Rxb2 34. Nc4 Rb8 35. Kf2 Rbe8 36. Rh4
Re2+ 37. Kf3 g6 38. Re4 R2xe4 39. dxe4 {[%mdl 4096] Endgame KRB-KRN} Rb8 {
...Rb4 is the strong threat.} 40. Ke2 Kg7 41. Ra1 Rh8 42. Kf3 Rb8 43. Ke2 $1
Rb4 44. Kd3 Kf8 45. Rf1 Ke7 46. Ra1 (46. Rf6 {was necessary.}) 46... Ke6 47.
Rf1 {and the idea Rf6+ leaves White hopeful.} Bd8 48. Ra1 Bxg5 49. Nxa5 f5 50.
exf5+ gxf5 {White must now prevent ...Kd5.} 51. Nc6 Rb6 52. Na5 Kd5 {Threatens
to win with ...Rb4.} 53. Nc4 Rg6 {Black is clearly winning.} 54. Rf1 (54. Rb1
$142 Bd8 55. Rf1) 54... f4 55. Rh1 {[#]} Bh4 $1 {[%mdl 512]} 56. Rh3 (56. Rf1
a3) 56... Rxg2 57. Nb6+ Kc6 58. Rxh4 {Weighted Error Value: White=0.40/Black=0.
20} 0-1